Les argentins passés par l'om - Statistiques

Statistiques générales
  • Ce quiz a été pris 39 fois
  • Le résultat moyen est 6 sur 22
Statistiques - réponses
Passage (Poste) Réponse % Correct
2020- (DEF) Leonardo Balerdi
92%
2024- (GB) Geronimo Rulli
89%
2009-2011 (DEF) Gabriel Heinze
65%
2009-2012 (MIL) Lucho González
62%
2019-2022 (ATT) Darío Benedetto
59%
2015-2019 (ATT) Lucas Ocampos
59%
2024- (MIL) Valentin Carboni
51%
2023-2024 (ATT) Joaquín Correa
49%
2006-2009 (DEF) Renato Civelli
16%
2005-2006 (ATT) Christian Giménez
8%
2008 (DEF) Juan Ángel Krupoviesa
8%
2000-2001 (MIL) Lucas Bernardi
5%
1999-2000 (MIL) Daniel Montenegro
3%
1999-2000 (DEF) Eduardo Berizzo
3%
2001-2003 (DEF) Eduardo Tuzzio
3%
1975-1977 (ATT) Héctor Yazalde
0%
1976-1977 (ATT) Norberto Alonso
0%
1965-1966 (MIL) Orlando Gauthier
0%
1980-1981 (DEF) Oscar Daniel Flores
0%
1999-2001 (ATT) Pablo Calandria
0%
1974-1977 (MIL) Raoul Noguès
0%
1950-1953 (MIL) Roberto Alarcon
0%
Aucun quiz correspondant
Distribution des résultats
% des personnes avec chaque résultat
Percentile par nombre de réponses
Votre historique - résultats
Vous n’avez pas pris ce quiz